AUDELS NEW MECHANICAL DICTIONARY (Record no. 570204)
[ view plain ]
| 000 -LEADER | |
|---|---|
| fixed length control field | 00251nam a22001097a 4500 |
| 082 ## - DEWEY DECIMAL CLASSIFICATION NUMBER | |
| Classification number | 671.03 NEW'T |
| 100 ## - MAIN ENTRY--PERSONAL NAME | |
| Personal name | TECHNICAL TRADES |
| 9 (RLIN) | 60498 |
| 245 ## - TITLE STATEMENT | |
| Title | AUDELS NEW MECHANICAL DICTIONARY |
| 260 ## - PUBLICATION, DISTRIBUTION, ETC. | |
| Place of publication, distribution, etc. | NEWYORK |
| Name of publisher, distributor, etc. | THEO |
| Date of publication, distribution, etc. | 1962 |
| 300 ## - PHYSICAL DESCRIPTION | |
| Extent | 740P |
| 942 ## - ADDED ENTRY ELEMENTS (KOHA) | |
| Koha item type | Book |
| Withdrawn status | Lost status | Damaged status | Not for loan | Permanent Location | Current Location | Shelving location | Date acquired | Total Checkouts | Full call number | Barcode | Date last seen | Price effective from | Koha item type |
|---|---|---|---|---|---|---|---|---|---|---|---|---|---|
| College of Electrical & Mechanical Engineering (CEME) | College of Electrical & Mechanical Engineering (CEME) | Reference | 07/19/2017 | 671.03 NEW'T | CEME-89 | 06/28/2021 | 06/28/2021 | Book |
